[Event "CZE-chT2D 1112"]
[Site "Czech Republic"]
[Date "2012.03.25"]
[Round "10"]
[White "Jaeger, Ludek"]
[Black "Rehak, Lukas"]
[Result "1-0"]
[WhiteElo "1987"]
[BlackElo "1932"]
[PlyCount "49"]
[EventDate "2011.10.09"]
[EventType "team-tourn"]
[EventRounds "11"]
[EventCountry "CZE"]
[SourceTitle "EXT 2013"]
[Source "ChessBase"]
[SourceDate "2012.11.22"]
[SourceVersion "1"]
[SourceVersionDate "2012.11.22"]
[SourceQuality "1"]
[WhiteTeam "Hradec Kralove II"]
[BlackTeam "Hradec Kralove II"]
[WhiteTeamCountry "CZE"]
[BlackTeamCountry "CZE"]

1. e4 e5 2. Nf3 Nc6 3. Bc4 Nf6 4. Nc3 Bc5 5. 0-0 d6 6. h3 a6 7. a4 Be6 8. Qe2 h6 9. d3 Qe7 10. Be3 Nd4 11. Qd1 0-0-0 12. Bxd4 Bxd4 13. Bxe6+ fxe6 14. Nxd4 exd4 15. Ne2 e5 16. c3 g5 17. cxd4 g4 18. h4 g3 19. Nxg3 Rhg8 20. Nf5 Qh7 21. Rc1 d5 22. f3 exd4 23. Qc2 Nh5 24. Qc5 Nf4 25. Ne7+ 1-0

[Event "CZE-chT2E 0910"]
[Site "Czech Republic"]
[Date "2009.10.18"]
[Round "1.6"]
[White "Sedlacek, Petr"]
[Black "Rehak, Lukas"]
[Result "1-0"]
[WhiteElo "2091"]
[BlackElo "1949"]
[PlyCount "39"]
[EventDate "2009.10.18"]
[EventType "team-tourn"]
[EventRounds "11"]
[EventCountry "CZE"]
[SourceTitle "EXT 2012"]
[Source "ChessBase"]
[SourceDate "2011.11.24"]
[SourceVersion "1"]
[SourceVersionDate "2011.11.24"]
[SourceQuality "1"]
[WhiteTeam "Brno 64"]
[BlackTeam "Brno Lokomotiva"]
[WhiteTeamCountry "CZE"]
[BlackTeamCountry "CZE"]

1. e4 e5 2. Nf3 Nc6 3. Bb5 a6 4. Ba4 b5 5. Bb3 Nf6 6. 0-0 Bb7 7. Re1 Bc5 8. c3 Ng4 9. Re2 d6 10. d4 Bb6 11. h3 Nf6 12. a4 Nd7 13. Bg5 Ne7 14. Na3 c6 15. Rd2 exd4 16. Nxd4 Nf6 17. e5 Nfd5 18. Bxd5 cxd5 19. exd6 Qxd6 20. Bxe7 1-0

[Event "CZE-chT2e 0607"]
[Site "Czech Republic"]
[Date "2006.11.05"]
[Round "2.7"]
[White "Rehak, Lukas"]
[Black "Zichacek, Libor"]
[Result "0-1"]
[WhiteElo "1892"]
[BlackElo "2046"]
[PlyCount "60"]
[EventDate "2006.10.15"]
[EventType "team"]
[EventRounds "11"]
[EventCountry "CZE"]
[SourceTitle "EXT 2009"]
[Source "ChessBase"]
[SourceDate "2008.11.26"]
[SourceVersion "1"]
[SourceVersionDate "2008.11.26"]
[SourceQuality "1"]

1. e4 c5 2. d4 cxd4 3. c3 Nc6 4. cxd4 d5 5. exd5 Qxd5 6. Nf3 e6 7. Nc3 Bb4 8. Bd2 Qd8 9. Bb5 Nge7 10. 0-0 0-0 11. Be3 Nd5 12. Qd3 h6 13. Ba4 Qa5 14. Bc2 Nf6 15. g4 Bxc3 16. g5 hxg5 17. Bxg5 Nxd4 18. Bxf6 Nxf3+ 19. Kg2 Qh5 20. Bxc3 Nh4+ 21. Kh1 b6 22. Bd1 Bb7+ 23. f3 Rfd8 24. Qe2 Nxf3 25. Qg2 Nxh2 26. Qxb7 Ng4+ 27. Kg2 Qh2+ 28. Kf3 Rd3+ 29. Kxg4 Qg3+ 30. Kh5 g6+ 0-1